00516cam a2200145 i 4500952015600000999001700156020003100173082001500204100002300219245003100242250002100273300005300294650001600347942000700363 001040708PSYCHOLOGYaMESbMEScPSYCHOLOGYd2021-03-31e36g854.10l16m17o150 FEL/Up40994q2026-06-16r2026-06-02 15:31:38s2026-06-02yBKzGL45R1 c41218d41218 a9781259330353 (alk. paper)00a150bFEL/U1 aFeldman, Robert S.10aUnderstanding psychology / aTwelfth edition. axxxviii, 613 pages :billustrations some color ; 0aPsychology. cBK